| 000 | 00401nam a2200169Ia 4500 | ||
|---|---|---|---|
| 008 | 230524s9999 xx 000 0 und d | ||
| 020 | _a8185749981 | ||
| 082 |
_a624.1042 _bUPA |
||
| 100 |
_aA.K.Upadhyay _942046 |
||
| 245 | 0 | _aCivil Estimating & Costing | |
| 250 | _a2 | ||
| 260 |
_aNew Delhi _bKatson _c2010 |
||
| 300 | _a464p: | ||
| 500 | _aQuantity Number: 1 | ||
| 650 | _aCivil | ||
| 942 | _cBK | ||
| 999 |
_c56463 _d56463 |
||